01387cam a2200325 i 4500003000900000005001700009007000300026008004100029020001600070040003500086041000800121082002700129100004400156245009100200250004200291264006400333300005500397336002700452337003300479338002800512490003500540500007300575504003900648590002600687700005200713910001500765942001400780952025000794999001701044DO-SdBNP20260630143306.0ta260630b1988 pr ac||| |||| 00| 0 spa d a0940238861  aDO-SdBNPcspadBNPHUerdabspa aspa 4a972.95bP598h 19882221 aPicó, Fernándo.eautor4aut.91615810aHistoria general de Puerto Rico /cFernándo Picó ; revisión, Carmen Rivera Izcoa acuarta edición revisada y aumentada 4aRío Piedras, Puerto Rico :bEdiciones Huracán,c©1988. a300 páginas :bilustraciones, retratos ;c23 cm. atextobtxt2rdacontent asin mediaciónbn2rdamedia avolumenbnc2rdacarrier0 aColección Huracán Academia aIncluye referencias bibliográficas y notas al pie de las páginas aBibliografía: páginas 293-300  aInventariado, 2026/BT1 aRivera _Izcoa, Carmen,erevisión4rev.972955 aBtavárez 2ddccLBS1 00102ddc56708GRaBNPHUbBNPHUcCTd2026-06-30eDonado por la Presidencia de la República Dominicana 2023.l0oBNPHU SG 972.95 P598h 1988p2026-5638r2026-06-30w2026-06-30yLBS1zPertenecio a la biblioteca personal de Marcio Veloz Maggiolo c60976d60976